000 00739nam a22001577a 4500
003 OSt
005 20161127111152.0
008 161127b xxu||||| |||| 00| 0 eng d
040 _cRUA
082 _aAGR LIM B541 2014 Or.1
100 _911410
_aLIM DORICH; លឹម​ដូរីស្ច
245 _aEffect of calcium nitrate dosege to the growth of celery cabbage VIA hydroponic; ឥទ្ធិពលនៃកំហាប់កាល់ស្យូននីត្រាតលើកាតលូតលាស់ដំណាំស្ពៃចង្កឹះ ដាំតាមបច្ចេកទេសអ៊ីដ្រូប៉ូនិច
260 _aPhnom Penh
_bRUA
_c2014
300 _aix; 47p;
_bill;
_c29cm;
942 _2ddc
_cAGR
999 _c10967
_d10967